| 000 | 01034nam a22003257a 4500 | ||
|---|---|---|---|
| 003 | CHAP | ||
| 005 | 20220329141302.0 | ||
| 008 | 971010c19871980us r 00010 eng d | ||
| 010 | _a65782 | ||
| 011 | _a66754 | ||
| 035 | _a75715 | ||
| 040 | _cCHAP | ||
| 082 |
_a583.47 _bA5 |
||
| 100 | 0 | 0 |
_aAnderson, Edward F. _95574 |
| 245 | 1 | 0 |
_aPeyote _b: the divine cactus _c/by Edward F. Anderson |
| 260 |
_aTucson, Arizona : _bUniversity of Arizona, _c1987 [c.1980] |
||
| 300 |
_a248 p. _b: ilus |
||
| 500 | _a1992-474 | ||
| 590 |
_aBATCH-UPD _b10 _c20130110 _lUCH01 _h1536 |
||
| 590 |
_aBATCH-UPD _b10 _c20130410 _lUCH01 _h0941 |
||
| 590 |
_aBATCH-UPD _b10 _c20130914 _lUCH01 _h0805 |
||
| 590 |
_aCONVERSION _b10 _c20130109 _lUCH01 _h1336 |
||
| 650 | 1 | 4 |
_aCactáceas. _916994 |
| 650 | 1 | 4 |
_aPeyote. _987711 |
| 650 | 1 | 4 |
_aPlantas alucinógenas. _988898 |
| 901 | _aBK | ||
| 942 | _cLIBRO | ||
| 949 |
_a583.47 A5 _bBC _cLIBRO _d33724002175686 _eLIBRO _h112678 _i75715 _si |
||
| 949 |
_a583.47 A5 _bBC _cLIBRO _d33724002175728 _eLIBRO _fc.2 _h112679 _i75715 _si |
||
| 999 |
_c65782 _d65782 |
||